000 01807cam a22002174a 4500
005 20250605164242.0
008 250528s ||||||||||||||||||||||||d
035 _a21372
020 _a9789600111620
040 _aGR-AtMCL
_bgre
_dGR-AtMCL
_eAACR2
245 1 _aΕυρωπαϊκή Μακροοικονομική.
_nΤόμος Α'
250 _a
260 _bGutenberg,
_c2005
300 _a362
520 _aΠοικίλα θέματα των σύγχρονων οικονομιών: ευρωπαϊκή αθέλητη ανεργία, ατελής ανταγωνισμός, στόχευση του πληθωρισμού, καμπύλη Philips, μοντέρνα μονεταριστική άποψη, νέα Κεϋνσιανή Θεώρηση, αναγκαιότητα της μικροοικονομικής θεμελίωσης της μάκρο θεωρίας, αξιολόγηση της παρεμβατικής οικονομικής πολιτικής. Εισαγωγή στη Μακροοικονομική Θεωρία, Τί είναι η Μακροοικονομική Θεωρία;, Η Πραγματική Μακροοικονομία, Οικονομική Μεγέθυνση, Αγορές Εργασίας και Ανεργία, Δανεισμός και Δανειοδότηση και Εισοδηματικοί Περιορισμοί, Ζήτηση του Ιδιωτικού Τομέα: Κατανάλωση και Επένδυση, Η Πραγματική Συναλλαγματική Ισοτιμία, Χρήμα, Χρήμα και Ζήτηση Χρήματος, Η Προσφορά Χρήματος και η Νομισματική Πολιτική.
700 1 _aBurda Michael
_97421
700 1 _aWyplosz Charles
_97422
942 _cBK
999 _c6435
_d6435